• 首页
  • 本馆介绍
  • 公告通知
  • 最新文献
  • 馆藏检索
  • 电子资源
  • 读者导购
  • 参考咨询
  • 我的图书馆
  • 登录
  • 详细信息显示
  • 放入我的书架
  • 预约/预借图书
  • 作者相关作品
  • 分类相关作品
  • 丛书相关作品
  • 出版社相关作品

书目信息

  • 表格格式
  • 工作单格式
  • 卡片格式
题名:
红旗歌谣
    
 
作者: 郭沫若 , 周扬 编
分册:  
出版信息: 北京   人民文学出版社  1979
页数: 314页
开本: 19cm
丛书名: 中国民间文学丛书
单 册:
中图分类: I277.2
科图分类:
主题词: 民间文学--中国
电子资源:
ISBN:
000 00642nam0 2200241 45
001 0306101694
005 20031219104110.8
010    @dCNY1.05
091    @a10019.2762
100    @a20030610d1979 km y0chiy0120 ea
101 0  @achi
105    @aa z 000yy
200 1  @a红旗歌谣@AHong Qi Ge Yao@f郭沫若,周扬编@FGuo Mo Ruo,Zhou Yang Bian
210    @a北京@c人民文学出版社@d1979
215    @a314页@d19cm
225    @a中国民间文学丛书@h1
410    @12001 @a中国民间文学丛书
606 0  @a民间文学@x中国
690    @aI277.2@v3
701  0 @a郭沫若@4编
701  0 @a周扬@4编
801    @aCN@bTSTC@c20030613
905    @f1@b19179@dI277.2@e1
    
    红旗歌谣/郭沫若,周扬编.-北京:人民文学出版社,1979
    314页;19cm.-(中国民间文学丛书.1)
    
    
    ISBN :CNY1.05
    
●
相关链接 在E读中查询图书 在五车中查询图书 在当当中查询图书 在豆瓣中查询图书


正题名:红旗歌谣     索取号:I277.2/1         预约/预借

序号 登录号 条形码 馆藏地/架位号 状态 备注
1 0019179   001809939   密集书库/ [索取号:I277.2/1] 在馆    
唐山师范学院图书馆 欢迎您!
大连网信软件有限公司© 版权所有